| 000 | 00899cam a2200265 i 4500 | ||
|---|---|---|---|
| 999 |
_c9115 _d9115 |
||
| 001 | 9115 | ||
| 003 | Mx-PuUPA | ||
| 005 | 20200511202735.0 | ||
| 008 | 140415s1995 sp a r 000 0 spa d | ||
| 020 | _a8478808876 | ||
| 040 |
_erda _aMx-PuUPA _bspa _cMx-PuUPA _dMx-PuUPA |
||
| 041 | 0 | _aspa | |
| 245 | 1 | 0 |
_aEl futuro que viene : _benciclopedia de las nuevas tecnologías / _cdirigida por Manuel Toharia. |
| 264 | 1 |
_aMadrid : _bEdiciones Temas de Hoy, _c1997 |
|
| 300 |
_a678 páginas : _bilustraciones ; _c24 cm. |
||
| 336 |
_atexto _2rdacontent _btxt |
||
| 337 |
_asin medio _2rdamedia _bn |
||
| 338 |
_avolumen _2rdacarrier _bnc |
||
| 490 | 0 | _aTemas de hoy ; Enciclopedia del Tercer Milenio | |
| 650 | 4 |
_aCiencias _xDivulgación |
|
| 650 | 4 | _aInnovaciones tecnológicas | |
| 700 | 1 | 0 |
_aToharia, Manuel, _ddirector |
| 942 |
_2ddc _cLI _h303.483 _iF996 |
||